| 000 | 01113nam a2200217Ia 4500 | ||
|---|---|---|---|
| 003 | GCL | ||
| 008 | 140319s9999 xx 000 0 ara d | ||
| 020 | _a6005293977 | ||
| 040 |
_aGCL / _cGCL |
||
| 082 | 0 | 4 |
_a210.4 _bص م |
| 100 | 1 | _aصلاح عبدالغنى محمد | |
| 245 | 1 | 0 |
_aموسوعة المرأة المسلمة : _bالحقوق العامة للمرأة \ الزواج والحياة الزوجية \ وسائل الاسلام فى المحافظة على الحياة الزوجية \ وسائل الاسلام فى المحافظة على كرامة المرأة \ المرأة بين العبادات والبدع والكبائر \ تربية الاولاد وبر الوا / _cصلاح عبدالغنى محمد |
| 260 |
_aالقاهرة : _bمكتبة الدار العربية للكتاب ، _c1998 |
||
| 300 |
_a6 مج ؛ _c24 سم |
||
| 650 | 0 | 4 | _aالفقه الاسلامى |
| 650 | 0 | 4 | _aحقوق المرأة |
| 650 | 0 | 4 | _aالمرأة المسلمة |
| 650 | 0 | 4 | _aالمرأة - رعاية اجتماعية |
| 650 | 0 | 4 | _aالمرأة فى الاسلام |
| 942 |
_2ddc _cREF |
||
| 999 |
_c59719 _d59719 |
||